| 000 | 00510nam a2200145Ia 4500 | ||
|---|---|---|---|
| 008 | 231217s9999 xx 000 0 und d | ||
| 041 | _aEnglish | ||
| 082 | _a027.77 JOH;1 R | ||
| 100 | _aJohnson, B. Lamar. Lindstrom, Eloise. | ||
| 245 | 4 | _aThe librarian and the teacher in general education: a report of library instructional activities at Stephens College | |
| 260 |
_c1948 _bALA _aChicago |
||
| 300 | _aXi, 69 | ||
| 650 | _alibrarian,teacher,education:,instructional,activities,Stephens | ||
| 942 | _cAA | ||
| 999 |
_c197507 _d197507 |
||